000 03614cam a2200325 4500500
005 20251228074321.0
041 _afre
042 _adc
100 1 0 _aBenessavy, Abdel
_eauthor
700 1 0 _aBouilleau, Séverine
_eauthor
700 1 0 _aDahou-Fredi, Kadéjat
_eauthor
700 1 0 _aLegrand, Julie-Anne
_eauthor
700 1 0 _aSimon, Marine
_eauthor
700 1 0 _aToyer, Émilie
_eauthor
245 0 0 _aLe graffiti, un outil au service de la ville éducatrice
260 _c2011.
500 _a33
520 _aAu sein d’une Ville Éducatrice telle que Paris, il semble intéressant de s’interroger sur les nouvelles formes d’expression culturelles nées de la pratique urbaine pour être reconnues comme apport ou outil éducatif. L’article questionne la place singulière de l’expression d’artistes par le graffiti, graff ou tag. Au carrefour entre pratique illégale et donc répréhensible et, discipline récemment reconnue comme une forme d’art à part entière, le graffiti bouscule une approche culturelle classique pour venir à la rencontre des habitants. Aussi cet article s’attache à montrer la place qu’occupe l’art urbain au sein de la ville éducatrice. Le graffiti serait-il un nouveau mode d’expression artistique ? Comment artistes et politiques vivent-ils la propagation de cet art urbain et parviennent-ils à concilier des objectifs pouvant parfois sembler contradictoires ?
520 _aWithin an Educative City such as Paris, it seems interesting to wonder about the new born cultural forms of expression of the urban practice to be recognized as contribution or educational tool. The article which follow, ask of the singular place of the expression of artists by the Graffiti, Graff or Tag. In the crossroads between illegal and so reprehensible practice and, discipline recently recognized as a shape of full art, the Graffiti pushes aside a classical cultural approach to come to the meeting of the inhabitants. So this article attempts to show the place which occupies the urban design within the educative city. Would the graffiti be a new mode of artistic expression? How do artists and politics live the distribution of this urban design and do they succeed in reconciling objectives which can sometimes seem contradictory?
520 _aEn una Ciudad Educadora como Paris, es interesante interrogarse sobre las nuevas formas de expresión cultural, nacidas de la práctica urbana para así ser reconocidas como un aporte o como una herramienta educativa. El siguiente artículo cuestiona el sitio singular de la expresión de artistas por el Graffiti, Graff o Tag. En el cruce entre la práctica ilegal la cual por consecuencia es reprensible y la disciplina recientemente reconocida como una forma de arte entero, el Graffiti acelera un acercamiento cultural clásico para venir al encuentro de los habitantes. De esta manera, este artículo se interesa en mostrar el lugar que ocupa el arte urbano dentro de la Ciudad Educadora. ¿El Graffiti será un nuevo modo de expresión artística? ¿Cómo los artistas y las políticas viven la propagación de este arte urbano y llegan a conciliar los objetivos pudiendo a veces parecer contradictorios?
690 _aart urbain
690 _adégradations
690 _agraffiti
690 _amode d'expression
690 _aoutil éducatif
690 _apolitique culturelle
690 _aville éducatrice
786 0 _nSpécificités | 3 | 1 | 2011-02-01 | p. 213-228 | 2256-7186
856 4 1 _uhttps://shs.cairn.info/revue-specificites-2010-1-page-213?lang=fr&redirect-ssocas=7080
999 _c1597542
_d1597542